Conceiving the Goddess (Record no. 92466)

MARC details
000 -LEADER
fixed length control field 01929nam a2200265Ii 4500
008 - FIXED-LENGTH DATA ELEMENTS--GENERAL INFORMATION
fixed length control field 221202s xx 000 0 und d
100 1# - MAIN ENTRY--PERSONAL NAME
Personal name Bapat, Jayant Bhalchandra,
Relator term author
245 #0 - TITLE STATEMENT
Title Conceiving the Goddess
246 ## - VARYING FORM OF TITLE
Title proper/short title Transformation and Appropriation in Indic Religions
264 #1 - PRODUCTION, PUBLICATION, DISTRIBUTION, MANUFACTURE, AND COPYRIGHT NOTICE
Place of production, publication, distribution, manufacture Clayton, Victoria, Australia
Name of producer, publisher, distributor, manufacturer Monash University Publishing
Date of production, publication, distribution, manufacture, or copyright notice 2016
300 ## - PHYSICAL DESCRIPTION
Extent 1 online resource
336 ## - CONTENT TYPE
Content type term text
Content type code txt
Source rdacontent
337 ## - MEDIA TYPE
Media type term computer
Media type code c
Source rdamedia
338 ## - CARRIER TYPE
Carrier type term online resource
Carrier type code cr
Source rdacarrier
490 ## - SERIES STATEMENT
Series statement Monash Asia Series
520 ## - SUMMARY, ETC.
Summary, etc. Conceiving the Goddess is an exploration of goddess cults in South Asia that embodies research on South Asian goddesses in various disciplines. The theme running through all the contributions, with their multiple approaches and points of view, is the concept of appropriation, whereby one religious group adopts a religious belief or practice not formerly its own. What is the motivation behind this? Are such actions attempts to dominate, or to resist the domination of others, or to adapt to changing social circumstances : or perhaps simply to enrich the religious experience of a group's members? In examining these questions, Conceiving the Goddess considers a range of settings: a Jain goddess lurking in a Brahminical temple, the fraught relationship between the humble Camār caste and the river goddess Gaṅgā, the mutual appropriation of disciple and goddess in the tantric exercises of Kashmiri Śaivism, and the alarming self-decapitation of the fierce goddess Chinnamastā.
653 ## - INDEX TERM--UNCONTROLLED
Uncontrolled term Goddesses
653 ## - INDEX TERM--UNCONTROLLED
Uncontrolled term Indic Goddesses
653 ## - INDEX TERM--UNCONTROLLED
Uncontrolled term Religious Appropriation
653 ## - INDEX TERM--UNCONTROLLED
Uncontrolled term Theology
653 ## - INDEX TERM--UNCONTROLLED
Uncontrolled term Women And Religion
700 1# - ADDED ENTRY--PERSONAL NAME
Personal name Mabbett, Ian
856 ## - ELECTRONIC LOCATION AND ACCESS
Uniform Resource Identifier <a href="https://docs.google.com/spreadsheets/d/1yKIrdCPDAG_9c22mwoOIO2DOhtj65Wqa/edit?usp=sharing&ouid=106555315294820607512&rtpof=true&sd=true ">https://docs.google.com/spreadsheets/d/1yKIrdCPDAG_9c22mwoOIO2DOhtj65Wqa/edit?usp=sharing&ouid=106555315294820607512&rtpof=true&sd=true </a>
Link text List of Curated E-Books
942 ## - ADDED ENTRY ELEMENTS (KOHA)
Koha item type E-Book

No items available.

University of Rizal System
Email us at univlibservices@urs.edu.ph

Visit our Website www.urs.edu.ph/library